Rosemary - Deftones (all lyrics) - Statistics

General Stats
  • This quiz has been taken 49 times
  • The average score is 88 of 115
Answer Stats
Answer % Correct
the
100%
We
100%
we
100%
As
96%
Time
93%
time
93%
to
93%
engine's
89%
engines
89%
entry
89%
other
86%
Stay
86%
stay
86%
with
86%
And
82%
and
82%
cross
82%
me
82%
discover
79%
Explode
79%
no
75%
Come
71%
empty
71%
Our
71%
our
71%
skies
71%
There's
71%
minds
68%
planes
68%
sound
68%
But
64%
free
64%
set
64%
dream
61%
(shift)
61%
down
57%
in
57%
drone
54%
energy
54%
fingers
54%
Just
54%
play
54%
roam
54%
ways
54%
collide
50%
sail
50%
slow
50%
catch
46%
dreams
46%
bend
43%
eyes
43%
space
43%
fold
36%
stall
36%
unknown
29%
Entwined
21%
scene
18%
No matching quizzes found
Score Distribution
Percent of People with Each Score
Percentile by Number Answered
Your Score History
You have not taken this quiz